Matematika v pohodě 9 : pracovní sešit pro 9. ročník ZŠ a víceletá gymnázia v souladu s RVP. Algebra /

Hlavní autor: Halenková, Jana
Další autoři: Matasová, Blanka, Mierva, Tomáš, Nádvorníková, Petra, Weinlich, Robert, 1971-
Jazyk: Čeština
Vydáno: Praha : Taktik, 2024
Vydání: 3. vydání
Témata:
Fyzický popis: 112 stran : ilustrace (převážně barevné) ; 30 cm
Knihy
Uloženo v:
LEADER 02017nam a2200541 i 4500
001 nkc20253667276
003 CZ PrNK
005 20250321143914.0
007 ta
008 250117s2024 xr a c p 000 0 cze
015 |a cnb003667276 
020 |a 978-80-7563-730-7  |q (brožováno) 
035 |a (OCoLC)1514348230 
040 |a BOA001  |b cze  |e rda 
072 7 |a 512  |x Algebra  |2 Konspekt  |9 13 
072 7 |a 37.016  |x Učební osnovy. Vyučovací předměty. Učebnice  |2 Konspekt  |9 22 
080 |a 512  |2 MRF 
080 |a (075.2)  |2 MRF 
080 |a (075.3)  |2 MRF 
080 |a (076.1)  |2 MRF 
100 1 |a Halenková, Jana  |7 pna20231180692  |4 aut 
245 1 0 |a Matematika v pohodě 9 :  |b pracovní sešit pro 9. ročník ZŠ a víceletá gymnázia v souladu s RVP.  |p Algebra /  |c autoři: Jana Halenková, Blanka Matasová, Tomáš Mierva, Petra Nádvorníková, Robert Weinlich 
246 3 |a Matematika 9 v pohodě 
246 3 0 |a Algebra 
250 |a 3. vydání 
264 1 |a Praha :  |b Taktik,  |c 2024 
300 |a 112 stran :  |b ilustrace (převážně barevné) ;  |c 30 cm 
336 |a text  |b txt  |2 rdacontent 
337 |a bez média  |b n  |2 rdamedia 
338 |a svazek  |b nc  |2 rdacarrier 
500 |a Název z obálky 
650 0 7 |a algebra  |7 ph114025  |2 czenas 
650 0 9 |a algebra  |2 eczenas 
655 7 |a učebnice základních škol  |7 fd133773  |2 czenas 
655 7 |a učebnice středních škol  |7 fd133771  |2 czenas 
655 7 |a pracovní sešity  |7 fd133116  |2 czenas 
655 9 |a textbooks (elementary)  |2 eczenas 
655 9 |a textbooks (secondary)  |2 eczenas 
655 9 |a activity books  |2 eczenas 
700 1 |a Matasová, Blanka  |7 xx0217253  |4 aut 
700 1 |a Mierva, Tomáš  |7 mub20241222718  |4 aut 
700 1 |a Nádvorníková, Petra  |7 mub20241222712  |4 aut 
700 1 |a Weinlich, Robert,  |d 1971-  |7 xx0052003  |4 aut 
910 2 |a BOA001  |b 4-1537.861 
990 |a BK 
995 |a 01 
991 |b 202502  |c NOV 
996 6 |b 2610994300  |c 4-1537.861  |l MZK  |r Sklad / do 1 hodiny  |n 0  |p p.v.  |w 001994129  |u 000010  |a 1  |e BOA001  |j MZK50  |s P